000 00378nam a2200133Ia 4500
005 20260328101452.0
008 260328s9999||||xx |||||||||||||| ||und||
100 _aPereira, Irene Rice
245 4 _aThe Nature of Space :
_b A metaphysical and aesthetic inquiry /
_cIrene Rice Pereira
260 _bThe Corcoran Gallery
300 _a62 p.
650 _aARQUITECTURA
942 _cBK
999 _c8706
_d8706